Loading...
| Philosophy | 0 | 9 | 0 | 1 | 90 | 67 | 111.00 | 2 | 7 | 0.00 | 0.00 |
| Fine Arts - Painting & Sculpture | 0 | 8 | 2 | 0 | 70 | 31 | 95.00 | 2 | 7 | 0.00 | 0.00 |
| Fine Arts - Classical Music | 0 | 7 | 1 | 3 | 65 | 78 | 120.29 | 0 | 5 | 0.00 | 0.00 |
| Fine Arts - Other | 0 | 7 | 1 | 1 | 65 | 61 | 98.86 | 1 | 5 | 0.00 | 0.00 |
| Literature - American | 0 | 7 | 1 | 1 | 65 | 86 | 124.29 | 1 | 4 | 0.00 | 0.00 |
| Literature - British | 0 | 7 | 1 | 1 | 65 | 82 | 113.43 | 1 | 5 | 0.00 | 0.00 |
| Literature - World | 0 | 7 | 1 | 2 | 65 | 106 | 126.14 | 0 | 0 | 0.00 | 0.00 |
| Mythology | 0 | 6 | 0 | 1 | 60 | 89 | 124.00 | 0 | 3 | 0.00 | 0.00 |
| Literature - European | 0 | 5 | 0 | 1 | 50 | 102 | 121.80 | 2 | 2 | 0.00 | 0.00 |
| Religion | 0 | 5 | 1 | 0 | 45 | 64 | 85.80 | 0 | 4 | 0.00 | 0.00 |
| History - Other | 0 | 6 | 4 | 2 | 40 | 54 | 100.50 | 1 | 4 | 0.00 | 0.00 |
| Social Science | 0 | 5 | 2 | 1 | 40 | 77 | 106.20 | 1 | 3 | 0.00 | 0.00 |
| History - World | 0 | 4 | 1 | 1 | 35 | 106 | 123.00 | 0 | 1 | 0.00 | 0.00 |
| History - American | 0 | 4 | 1 | 2 | 35 | 114 | 127.50 | 0 | 0 | 0.00 | 0.00 |
| Other | 0 | 3 | 0 | 1 | 30 | 77 | 89.33 | 0 | 1 | 0.00 | 0.00 |
| Science - Biology | 0 | 3 | 0 | 2 | 30 | 103 | 120.33 | 0 | 0 | 0.00 | 0.00 |
| Science - Chemistry | 0 | 2 | 0 | 0 | 20 | 101 | 102.50 | 0 | 1 | 0.00 | 0.00 |
| Science - Physics | 0 | 2 | 0 | 0 | 20 | 110 | 117.50 | 0 | 1 | 0.00 | 0.00 |
| Science - Other | 0 | 2 | 1 | 0 | 15 | 80 | 97.50 | 0 | 2 | 0.00 | 0.00 |
| History - European | 0 | 2 | 3 | 0 | 5 | 69 | 100.50 | 0 | 1 | 0.00 | 0.00 |